Integrated rural development program in Commilla district (Record no. 502470)

MARC details
000 -LEADER
fixed length control field 00810nam a2200253Ia 4500
003 - CONTROL NUMBER IDENTIFIER
control field OSt
005 - DATE AND TIME OF LATEST TRANSACTION
control field 20220925182543.0
008 - FIXED-LENGTH DATA ELEMENTS--GENERAL INFORMATION
fixed length control field 220923b |||||||| |||| 00| 0 eng d
037 ## - SOURCE OF ACQUISITION
Terms of availability General Book
040 ## - CATALOGING SOURCE
Original cataloging agency RTL
Transcribing agency RTL
Language of cataloging eng
041 ## - LANGUAGE CODE
Source of code eng
Language code of text/sound track or separate title eng
110 ## - MAIN ENTRY--CORPORATE NAME
Corporate name or jurisdiction name as entry element Bangladesh, Rural Development (Academy For-)
9 (RLIN) 256626
245 #0 - TITLE STATEMENT
Title Integrated rural development program in Commilla district
Remainder of title An evaluation
260 ## - PUBLICATION, DISTRIBUTION, ETC.
Place of publication, distribution, etc. Comlla
Name of publisher, distributor, etc. The Author
Date of publication, distribution, etc. 1977
300 ## - PHYSICAL DESCRIPTION
Extent xx,106p.
Dimensions cm.
500 ## - GENERAL NOTE
General note Bibiliography P.106.
650 ## - SUBJECT ADDED ENTRY--TOPICAL TERM
Topical term or geographic name entry element Social Personality
700 ## - ADDED ENTRY--PERSONAL NAME
Personal name Bangladesh, Rural Development (Academy For-)
9 (RLIN) 256627
942 ## - ADDED ENTRY ELEMENTS (KOHA)
Classification part Y:7;7.44q72.N7, L7/GD
Koha item type General Books
Source of classification or shelving scheme Colon Classification (CC)
Holdings
Withdrawn status Lost status Damaged status Not for loan Home library Current library Date acquired Total Checkouts Full call number Barcode Date last seen Price effective from Koha item type
        Ratan Tata Library Ratan Tata Library 2022-09-25   Y:7;7.44q72.N7 L7/GD RT0575975 2022-09-25 2022-09-25 General Books
Copyright @ Delhi University Library System